| 000 | 00461nam a2200169Ia 4500 | ||
|---|---|---|---|
| 008 | 230917s9999||||xx |||||||||||||| ||und|| | ||
| 020 | _cRS689 | ||
| 040 |
_e231483 _aMAIN |
||
| 041 | _aEnglish | ||
| 082 | _a005.8 B541I | ||
| 100 | _aBishop, Matt | ||
| 245 | 0 | _aIntroduction to computer secutiry | |
| 260 |
_aNew Delhi _bPearson Education India _c2012 |
||
| 300 | _axxix, 585 p. | ||
| 500 | _a2269 01/02/2016 HBD15/1721 01/03/2016 Main Budget | ||
| 942 | _cBK | ||
| 999 |
_c17871 _d17871 |
||